000 00515nam a2200193 a 4500
005 20210223122317.0
008 991125s1984 mx 000 0 spa u
020 _a9688790095
035 _aUPN01000033151
049 _aSEP
050 4 _aNC575.8 M3
_bJ6.4
245 0 0 _aJosé Luis Cuevas para iluminar.
260 _aMéxico :
_bErmitaño :
_bSEP,
_c1984.
300 _a[38] p. :
_bil.
440 0 _aLetra y color
600 1 4 _aCUEVAS, JOSE LUIS,
_d1934-
650 4 _aDIBUJOS MEXICANOS
_915943
905 _aLibro
999 _c33151
_d33151